01324nam a2200301 a 450000100060000000300100000600500170001600700030003300800410003604000260007708200160010308400070011924500790012625000180020530000400022333600270026333700330029033800280032350001770035150001750052865000500070365000610075370000440081493000080085894200120086699900170087895201270089560149CO-BoRNBP20251212161542.0ta970703s1996 ck do gr f000 0 spa  aCO-BoBNbspacCO-BoBN a634.773220 a0010aPlagas y enfermedades del plátano /cSylvio Belalcázar C. ... [et al.] a1a. edición a106 p. :bgráficos, fot. ;c24 cm 2rdacontentatextobtxt 2rdamediaasin mediaciónbn 2rdacarrieravolumenbnc aA la cabeza de la portada: Instituto Colombiano Agropecuario, Subgerencia de Prevención y Control, División de Sanidad Vegetal, Unidad Proyectos de Prevenvión Vegetal a"Separata del libro "El cultivo del plátano en el trópico", p. 243-342, publicado por ICA, CIID, INIBAP y el Comité Departamental de Cafeteros del Quindío, 1991". aPlátanoxEnfermedades y plagas2LEMB967895 aPlátanoxControl de plagas y enfermedades2LEMB9678961 aBelalcázar Carvajal, Sylvio L.967897 ajam 2ddccBK c60149d60149 00102ddc40708GENaMELEJANIbMELEJANIcGENd2025-12-12l0o634.773pLEJ01755r2025-12-12 16:16:43tEj.1w2025-12-12yBK